Central Library OPAC University of Rajshahi

Introduction to biostatistics / (Record no. 6615)

MARC details
000 -LEADER
fixed length control field 00707nam a22002531 4500
001 - CONTROL NUMBER
control field 6615
003 - CONTROL NUMBER IDENTIFIER
rucl marc code BD-RjUL
005 - DATE AND TIME OF LATEST TRANSACTION
control field 20211208234259.0
008 - FIXED-LENGTH DATA ELEMENTS--GENERAL INFORMATION
fixed length control field 140111r19661957nyua 000 0 eng d
035 ## - SYSTEM CONTROL NUMBER
System control number (BD-RjUL)6656
040 ## - CATALOGING SOURCE
Original cataloging agency DLC
Transcribing agency ICU
Modifying agency DLC
-- (BD-RjUL)
Language of cataloging eng
041 ## - LANGUAGE CODE
Language code of text/sound track or separate title eng
082 00 - DEWEY DECIMAL CLASSIFICATION NUMBER
Classification number 311.2
Author mark and year BAI
100 1# - MAIN ENTRY--PERSONAL NAME
Personal name Bancroft, Huldah.
9 (RLIN) 20802
245 00 - TITLE STATEMENT
Title Introduction to biostatistics /
Statement of responsibility, etc. Bancroft, Huldah.
260 ## - PUBLICATION, DISTRIBUTION, ETC. (IMPRINT)
Place of publication, distribution, etc. New York]
Name of publisher, distributor, etc. Hoeber-Harper
Date of publication, distribution, etc. 1957 [Reprent 1966]
300 ## - PHYSICAL DESCRIPTION
Pagination 210 p. ;
Illustrations illus. ;
Size 25 cm.
504 ## - BIBLIOGRAPHY, ETC. NOTE
Bibliography, etc Includes Index
650 #0 - SUBJECT ADDED ENTRY--TOPICAL TERM
Topical term or geographic name as entry element Mathematical statistics.
9 (RLIN) 20803
Topical term or geographic name as entry element Biomathematics.
9 (RLIN) 20804
942 ## - ADDED ENTRY ELEMENTS (KOHA)
Source of classification or shelving scheme Dewey Decimal Classification
Koha item type Books
Holdings
Lost status Source of classification or shelving scheme Damaged status Not for loan Collection code Permanent Location Current Location Date acquired Source of acquisition Cost, normal purchase price Total Checkouts Full call number Date last seen Copy number Koha item type Shelving location Date checked out
  Dewey Decimal Classification     Non-fiction Central Library, University of Rajshahi Central Library, University of Rajshahi   Mirza Book Academy 0.00   519.5 BAI 1966 11/01/2014 C-3 Books    
  Dewey Decimal Classification     Non-fiction Central Library, University of Rajshahi Central Library, University of Rajshahi 02/12/1965 Zeitlinger   2 519.5 BAI 1963 18/10/2023 C-2 Books   05/10/2023